00846nam a22002415a 450000500170000000800410001701000140005802000260007203500130009803700150011104000180012608200130014410000180015724500530017526000410022827000600026930000280032950000350035765100220039294200270041499900170044195201460045820090523154632.0080530s2008 ii c b 101 0 eng  aENG-93685 a9788131305225c995.00 aEN-77218 bDBAD / PUB adplbEnglish  a363.7394 aMishra, S.R.  aAssessment of water pollution /cby S.R. Mishra  aNew Delhi bA.P.H. Publishing c2009 a4435-35/7, Ansari Road, Daryaganj, bNew Delhi e110002 axvii, 484p. c23cm(Hb)  aIncludes references and index aWater xPollution 2ddccENmMISh363.7394 c26733d26733 00102ddc40718NFICaDBADbDBADd2009-05-23eDBAD / PUBg995.00l0o363.7394 MISpEN-77218r2009-05-23 00:00:00t1v995.00w2009-05-23yEN